The essays of Michel de Montaigne
Uloženo v:
| Hlavní autor: | |
|---|---|
| Médium: | Kniha |
| Jazyk: | angličtina |
| Vydáno: |
Nueva York
Heritage Press
1946
|
| Témata: | |
| Tagy: |
Přidat tag
Žádné tagy, Buďte první, kdo vytvoří štítek k tomuto záznamu!
|
MARC
| LEADER | 00000nam a2200000 a 4500 | ||
|---|---|---|---|
| 001 | UCQ5149 | ||
| 003 | CL-VaPUC | ||
| 008 | 980925e19460000US |||||||||||||||||eng|d | ||
| 082 | 0 | 4 | |a 844 |b MON |2 21 |
| 100 | |a Montaigne, Michel de |e autor |9 346836 | ||
| 245 | 1 | 4 | |a The essays of Michel de Montaigne |
| 300 | |a 3 v | ||
| 942 | |c BK | ||
| 945 | |d 19980925 00:00:00 |a crobeson | ||
| 260 | |a Nueva York |b Heritage Press |c 1946 | ||
| 650 | 0 | |a Ensayos franceses |9 265511 | |
| 650 | 0 | |a Literatura francesa |9 266330 | |
| 583 | |a last modification |c 19980925 00:00:00 |k Rodrigo Vera | ||
| 999 | |c 275366 |d 275364 | ||
| 952 | |0 0 |1 0 |4 0 |6 844_000000000000000_MON_1946 |7 0 |8 A |9 312099 |a BIBEDU |b BIBEDU |d 2019-11-20 |h v.1 |i 1468472 |o 844 MON 1946 |p 1468472 |r 2019-11-20 |w 2019-11-20 |y BK |k LIT | ||